[Event "RSA-chT U14"]
[Site "Cape Town"]
[Date "2016.01.07"]
[Round "7.7"]
[White "Gardiner, Noa Saxon"]
[Black "Govindsamy, Matthew"]
[Result "1-0"]
[WhiteElo "1082"]
[BlackElo "1204"]
[PlyCount "69"]
[EventDate "2016.01.04"]
[EventType "team-tourn"]
[EventRounds "7"]
[EventCountry "RSA"]
[SourceTitle "CBM 170 Extra"]
[Source "ChessBase"]
[SourceDate "2016.02.25"]
[SourceVersion "1"]
[SourceVersionDate "2016.02.25"]
[SourceQuality "1"]
[WhiteTeam "Johannesburg Metro"]
[BlackTeam "Nelson Mandela Bay"]
[WhiteTeamCountry "RSA"]
[BlackTeamCountry "RSA"]

1. e4 c6 2. d4 d5 3. exd5 cxd5 4. c4 e6 5. Nc3 Nc6 6. Nf3 Nf6 7. Bg5 Bb4 8. cxd5 exd5 9. a3 Be7 10. Be2 0-0 11. 0-0 Be6 12. Re1 Bd6 13. Rc1 a6 14. h3 Re8 15. Bd3 h6 16. Bh4 Be7 17. Bc2 Nd7 18. Bg3 Nf6 19. Ne5 Bd6 20. Bh4 Be7 21. Qd3 Nxe5 22. dxe5 Ne4 23. Bxe7 Qxe7 24. Nxe4 dxe4 25. Qxe4 g6 26. Qe3 Rac8 27. Qxh6 Rc5 28. h4 Qf8 29. Qxf8+ Rxf8 30. Be4 Rb5 31. b4 Bb3 32. f4 Bd5 33. Bxd5 Rxd5 34. Rc7 Re8 35. Rxb7 1-0

[Event "RSA-chT U14"]
[Site "Cape Town"]
[Date "2016.01.05"]
[Round "3.7"]
[White "De Wit, Stephan Dirk"]
[Black "Govindsamy, Matthew"]
[Result "1-0"]
[WhiteElo "1254"]
[BlackElo "1204"]
[PlyCount "27"]
[EventDate "2016.01.04"]
[EventType "team-tourn"]
[EventRounds "7"]
[EventCountry "RSA"]
[SourceTitle "CBM 170 Extra"]
[Source "ChessBase"]
[SourceDate "2016.02.25"]
[SourceVersion "1"]
[SourceVersionDate "2016.02.25"]
[SourceQuality "1"]
[WhiteTeam "Western Province"]
[BlackTeam "Nelson Mandela Bay"]
[WhiteTeamCountry "RSA"]
[BlackTeamCountry "RSA"]

1. d4 d5 2. c4 e6 3. cxd5 exd5 4. Nc3 Bb4 5. Nf3 Ne7 6. Bf4 Bg4 7. e3 Nd7 8. Be2 Ng6 9. Bg3 Nf6 10. Qa4+ Qd7 11. Qxb4 c6 12. Nb5 Ne4 13. Nc7+ Kd8 14. Nxa8 1-0